Statistics for US Cities That Start With B

Click here to take the quiz!

General Stats

  • This quiz has been taken 74 times
  • The average score is 5 of 7

Answer Stats

Population City % Correct
673,184Boston
100%
614,664Baltimore
95%
227,715Baton Rouge
59%
376,380Bakersfield
57%
212,157Birmingham
52%
256,902Buffalo
50%
223,154Boise
48%

Score Distribution

Percentile by Number Answered

Percent of People with Each Score

Your Score History

You have not taken this quiz